000 00567cam a2200169 4500500
005 20260329015324.0
041 _afre
042 _adc
100 1 0 _aChabrand, Patrick
_eauthor
700 1 0 _aMilan, Jean-Louis
_eauthor
700 1 0 _aPithioux, Martine
_eauthor
245 0 0 _aBiomechanics of the osteoarticular system: from organ to tissue to cell
260 _c2026.
500 _a15
786 0 _nHealthcare technologies | - | 2026-03-05 | p. 2-2
856 4 1 _uhttps://stm.cairn.info/biomechanics--bdti42681210-med8060-page-2?lang=en&redirect-ssocas=7080
999 _c1896719
_d1896719